[Event "ICS rated blitz match"]
[Site "204.178.125.65"]
[Date "2001.08.08"]
[Round "?"]
[White "Hossa"]
[Black "nyul"]
[Result "1-0"]
[WhiteElo "2527"]
[BlackElo "2026"]
[PlyCount "45"]
[EventDate "2001.??.??"]

1. d4 d5 2. c4 e6 3. Nf3 Nf6 4. Nc3 c6 5. cxd5 exd5 6. Bg5 Bf5 7. e3 Bd6 8. Bd3
Bxd3 9. Qxd3 Nbd7 10. O-O O-O 11. e4 dxe4 12. Nxe4 Be7 13. Rfe1 Nxe4 14. Bxe7
Qxe7 15. Rxe4 Qd6 16. Rh4 Nf6 17. Ne5 h6 18. Qb3 Rab8 19. Re1 Qd5 20. Qa3 a6
21. Qa4 Rbe8 22. Qb4 Re7 23. Qxe7 {nyul resigns} 1-0

[Event "ICS rated blitz match"]
[Site "204.178.125.65"]
[Date "2001.08.08"]
[Round "?"]
[White "nyul"]
[Black "Hossa"]
[Result "0-1"]
[WhiteElo "2024"]
[BlackElo "2529"]
[PlyCount "106"]
[EventDate "2001.??.??"]

1. e4 c5 2. c4 Nc6 3. d3 d6 4. Nc3 Nf6 5. h3 e5 6. Nf3 Be7 7. Be3 O-O 8. Qd2
Nd4 9. Be2 Bd7 10. Bd1 Qc7 11. b3 Bc6 12. a4 Nd7 13. O-O f5 14. exf5 Bxf3 15.
Bxf3 Nxb3 16. Qe2 Nxa1 17. Bd5+ Kh8 18. Rxa1 Nf6 19. Bg5 Qd7 20. Be6 Qe8 21.
Bxf6 Bxf6 22. Nd5 Rb8 23. g4 Qd8 24. Rf1 Bg5 25. Kg2 Bh6 26. Rb1 Qh4 27. Nc3 b6
28. Ne4 Rfd8 29. Ra1 Bf4 30. Rb1 Rb7 31. Ra1 Rc7 32. Rb1 Re7 33. Qf3 Ree8 34.
Rd1 Rf8 35. Qe2 Qe7 36. Rb1 Rb8 37. Rb3 Rb7 38. Rb1 Rd8 39. Rb3 Qh4 40. Rb1 Rc7
41. Rb3 Re7 42. Rb1 Ree8 43. Rh1 g6 44. Rb1 gxf5 45. Bxf5 Rg8 46. f3 Rdf8 47.
Be6 Rg6 48. Rh1 Rxe6 49. Rf1 Qxh3+ 50. Kxh3 Rh6+ 51. Kg2 Rh2+ 52. Kg1 Rxe2 53.
Nxd6 Ra2 {nyul resigns} 0-1

[Event "ICS rated blitz match"]
[Site "204.178.125.65"]
[Date "2001.08.08"]
[Round "?"]
[White "Hossa"]
[Black "eyesofkubrick"]
[Result "1-0"]
[WhiteElo "2533"]
[BlackElo "2371"]
[PlyCount "119"]
[EventDate "2001.??.??"]

1. e4 g6 2. d4 Bg7 3. Nf3 d6 4. Bc4 Nf6 5. Nc3 O-O 6. O-O c6 7. e5 Ne8 8. Bf4
d5 9. Be2 Nc7 10. Qd2 Bg4 11. Bh6 Nd7 12. Bxg7 Kxg7 13. Qg5 Bxf3 14. Bxf3 f6
15. exf6+ exf6 16. Qd2 Qe7 17. Rfe1 Qd6 18. Re3 Rae8 19. Re2 Rxe2 20. Nxe2 Ne6
21. Re1 Ng5 22. Bg4 Ne4 23. Qe3 f5 24. Bf3 Re8 25. Nf4 Nf8 26. Qc1 Re7 27. Be2
Nf6 28. Nd3 N8d7 29. c3 h6 30. f4 c5 31. dxc5 Nxc5 32. Ne5 Nfd7 33. Nf3 Re4 34.
g3 Qe7 35. Qd2 Nf6 36. b4 Ncd7 37. Nd4 a6 38. Kh1 h5 39. Nf3 Ng4 40. Ng5 Nb6
41. Nxe4 Qxe4+ 42. Kg1 Qe3+ 43. Qxe3 Nxe3 44. Bd3 Nbc4 45. Bxc4 Nxc4 46. Re7+
Kf6 47. Rxb7 g5 48. Ra7 gxf4 49. gxf4 d4 50. Rxa6+ Ke7 51. cxd4 Kd7 52. a4 Kc7
53. Kf2 Kd7 54. Kf3 Kc7 55. Rg6 Kd7 56. h3 Kc7 57. d5 Nd2+ 58. Ke3 Ne4 59. Kd4
Kd7 60. Rh6 {eyesofkubrick resigns} 1-0

[Event "ICS rated blitz match"]
[Site "204.178.125.65"]
[Date "2001.08.08"]
[Round "?"]
[White "eyesofkubrick"]
[Black "Hossa"]
[Result "0-1"]
[WhiteElo "2362"]
[BlackElo "2542"]
[PlyCount "41"]
[EventDate "2001.??.??"]

1. d4 Nf6 2. f4 e6 3. c3 d5 4. e3 c5 5. Nf3 Bd6 6. Bd3 cxd4 7. exd4 Bd7 8. O-O
Nc6 9. Ne5 Qe7 10. Nd2 O-O-O 11. b4 Bc7 12. a4 h5 13. Ndf3 Kb8 14. Ba3 Nxe5 15.
Nxe5 Ng4 16. Qe2 Rc8 17. a5 Bxe5 18. fxe5 Rxc3 19. Bb2 Qxb4 20. Bxc3 Qxc3 21.
Rxf7 {eyesofkubrick resigns} 0-1

[Event "ICS rated blitz match"]
[Site "204.178.125.65"]
[Date "2001.08.08"]
[Round "?"]
[White "Hossa"]
[Black "Tinker"]
[Result "0-1"]
[WhiteElo "2550"]
[BlackElo "2438"]
[PlyCount "95"]
[EventDate "2001.??.??"]

1. e4 c5 2. Nf3 d6 3. d4 cxd4 4. Nxd4 Nf6 5. Nc3 g6 6. Be3 Bg7 7. f3 O-O 8. Qd2
Nc6 9. O-O-O d5 10. exd5 Nxd5 11. Nxc6 bxc6 12. Nxd5 cxd5 13. Qxd5 Qc7 14. Qxa8
Bf5 15. Qxf8+ Bxf8 16. Bd3 Qe5 17. Bxa7 Bxd3 18. Rxd3 Qg5+ 19. Kd1 Bh6 20. Be3
Qxg2 21. Re1 Qxf3+ 22. Kc1 Qf2 23. Rd8+ Kg7 24. Bxh6+ Kxh6 25. Rdd1 e5 26. Kb1
f6 27. h3 Qh4 28. Re3 Kg5 29. Rf1 Qb4 30. Rb3 Qa5 31. Rb7 Qa6 32. Rg1+ Kh6 33.
Rd7 Qa4 34. Rgd1 f5 35. Re7 Qe4 36. b3 f4 37. a3 f3 38. Rf7 Qe2 39. Rh1 e4 40.
Rc1 e3 41. Kb2 f2 42. Rf4 Qe1 43. Rh4+ Kg5 44. Rxe1 fxe1=Q 45. Rxh7 Qf2 46. Kc3
Qd2+ 47. Kc4 Qd6 48. c3 {Hossa resigns} 0-1

[Event "ICS rated blitz match"]
[Site "204.178.125.65"]
[Date "2001.08.08"]
[Round "?"]
[White "flojito"]
[Black "Hossa"]
[Result "0-1"]
[WhiteElo "2266"]
[BlackElo "2529"]
[PlyCount "38"]
[EventDate "2001.??.??"]

1. e4 c5 2. Nf3 d6 3. d4 cxd4 4. Nxd4 Nf6 5. Nc3 a6 6. Be2 e5 7. Nb3 Be7 8. O-O
O-O 9. Kh1 Be6 10. f4 b5 11. f5 Bc4 12. Bg5 Nxe4 13. Bxe7 Nxc3 14. Bxd8 Nxd1
15. Be7 Bxe2 16. Bxf8 Bxf1 17. Bxd6 Be2 18. Bxe5 Nc6 19. Bf4 Nxb2 {
flojito resigns} 0-1

[Event "ICS rated blitz match"]
[Site "204.178.125.65"]
[Date "2001.08.08"]
[Round "?"]
[White "Hossa"]
[Black "leire"]
[Result "1-0"]
[WhiteElo "2535"]
[BlackElo "2607"]
[PlyCount "125"]
[EventDate "2001.??.??"]

1. e4 e5 2. Nf3 Nc6 3. d4 exd4 4. Bc4 Nf6 5. O-O Nxe4 6. Re1 d5 7. Bxd5 Qxd5 8.
Nc3 Qh5 9. Nxe4 Be6 10. Bg5 h6 11. Bf6 Qg6 12. Nh4 Qg4 13. Qxg4 Bxg4 14. Bxd4
O-O-O 15. Bc3 Rg8 16. h3 Be6 17. Nf3 Be7 18. a4 Bf5 19. Re2 f6 20. Ng3 Bh7 21.
Rae1 Bd6 22. b3 Kd7 23. Rd2 Rge8 24. Red1 Kc8 25. Nh5 Bf8 26. Rxd8+ Rxd8 27.
Rxd8+ Kxd8 28. Ne1 Ke8 29. Kf1 Kf7 30. Nf4 Nb4 31. Bxb4 Bxb4 32. Ned3 Bd6 33.
Ne2 Ke6 34. f4 a6 35. Kf2 Kd5 36. Ke3 Ke6 37. g4 Kd7 38. Ng3 Bg8 39. c4 Bf8 40.
Kd4 g6 41. Ne4 Be7 42. Nec5+ Kc8 43. b4 Bf7 44. a5 Be8 45. Ne6 Bc6 46. c5 Bg2
47. h4 f5 48. g5 hxg5 49. fxg5 Bc6 50. Ne5 Be8 51. Ng7 Bc6 52. Nxg6 Bd8 53.
Nxf5 Bd7 54. Nge7+ Kb8 55. g6 b6 56. g7 Bxe7 57. g8=Q+ Kb7 58. Nxe7 bxa5 59.
Qd5+ Bc6 60. Qxc6+ Kb8 61. Qe8+ Kb7 62. Qc8+ Ka7 63. Nc6# {leire checkmated}
1-0

[Event "ICS rated blitz match"]
[Site "204.178.125.65"]
[Date "2001.08.08"]
[Round "?"]
[White "Hossa"]
[Black "monsoon"]
[Result "1/2-1/2"]
[WhiteElo "2554"]
[BlackElo "2528"]
[PlyCount "206"]
[EventDate "2001.??.??"]

1. e4 c5 2. Nf3 Nc6 3. d4 cxd4 4. c3 dxc3 5. Nxc3 d6 6. Bc4 e6 7. O-O Nf6 8.
Bg5 Be7 9. Qd2 O-O 10. Rfd1 Qa5 11. Rac1 Bd7 12. Bxf6 Bxf6 13. Qxd6 Rfd8 14.
Qf4 Ne5 15. Nxe5 Bxe5 16. Qh4 Rac8 17. Be2 Bc6 18. Bd3 Rd6 19. a3 Rcd8 20. Bf1
Bf6 21. Qg4 Rd2 22. Rxd2 Rxd2 23. Nd1 Qg5 24. Qxg5 Bxg5 25. g3 Bxe4 26. Rc8+
Rd8 27. Rxd8+ Bxd8 28. Bg2 Bxg2 29. Kxg2 f5 30. Ne3 Bf6 31. b3 b5 32. a4 bxa4
33. bxa4 g5 34. Nc4 Bc3 35. f4 gxf4 36. gxf4 a6 37. Kf3 Bd4 38. Ke2 Bc5 39. Kd3
Kf8 40. a5 Ke7 41. Kd2 Kd7 42. Ne5+ Kc7 43. Nd3 Bg1 44. h3 Kc6 45. Ne5+ Kd6 46.
Kc3 Kd5 47. Kd3 Bc5 48. Nd7 Be7 49. Nb8 Bd8 50. Nxa6 Bxa5 51. Ke3 h5 52. Nb8
Kd6 53. Na6 Bc3 54. Ke2 h4 55. Ke3 Ba5 56. Ke2 Kc6 57. Nb8+ Kc7 58. Na6+ Kd6
59. Kd3 Bb6 60. Nb4 e5 61. Ke2 exf4 62. Nd3 Bc7 63. Nxf4 Bd8 64. Kf3 Bg5 65.
Nd3 Kd5 66. Ne1 Ke5 67. Ng2 Kd6 68. Ke2 Ke7 69. Ne1 Ke6 70. Nf3 Bf6 71. Kd3 Ke7
72. Kc4 Kd6 73. Kd3 Kc5 74. Ke3 Kd5 75. Kf4 Ke6 76. Ne1 Bb2 77. Kg5 Bc1+ 78.
Kg6 Kd5 79. Kxf5 Ba3 80. Kg4 Be7 81. Nd3 Ke4 82. Nf4 Bf6 83. Ng6 Kd5 84. Nxh4
Bxh4 85. Kh5 Bf6 86. Kh6 Bh4 87. Kh7 Ke5 88. Kh8 Bg5 89. Kg8 Bf6 90. Kf8 Be7+
91. Kg7 Bd8 92. Kh6 Bh4 93. Kh7 Bg5 94. Kh8 Bf6+ 95. Kg8 Be7 96. Kf7 Bd8 97.
Kg7 Bc7 98. h4 Bb8 99. h5 Ba7 100. h6 Bb8 101. h7 Kd4 102. h8=Q Be5+ 103. Kf7
Bxh8 {Game drawn because neither player has mating material} 1/2-1/2

[Event "ICS rated standard match"]
[Site "204.178.125.65"]
[Date "2001.08.08"]
[Round "?"]
[White "Tinker"]
[Black "Hossa"]
[Result "1-0"]
[WhiteElo "2417"]
[BlackElo "2148"]
[PlyCount "112"]
[EventDate "2001.??.??"]

1. d4 Nf6 2. Nf3 d5 3. c4 e6 4. Nc3 c5 5. cxd5 cxd4 6. Qxd4 Nxd5 7. e4 Nxc3 8.
Qxc3 Nc6 9. Bb5 Bd7 10. O-O Qb6 11. a4 Qc5 12. Bd2 Qxc3 13. Bxc3 a6 14. Bc4 Rg8
15. Rfd1 Bb4 16. Bxb4 Nxb4 17. Ne5 Bc6 18. Bb3 Ke7 19. f3 Rgd8 20. Kf2 Be8 21.
Ke2 f6 22. Nc4 b5 23. Ne3 Nc6 24. Rxd8 Rxd8 25. Bd1 Nd4+ 26. Ke1 Rc8 27. axb5
Bxb5 28. h4 Kd6 29. Ba4 f5 30. Bxb5 axb5 31. Rd1 Ke5 32. Kf2 Ra8 33. exf5 exf5
34. g3 Ra2 35. Rd2 h5 36. Nd1 b4 37. Ke3 Nb3 38. Rd7 Ra1 39. Nf2 Re1+ 40. Kd3
Nc5+ 41. Kc4 Rc1+ 42. Kxb4 Nxd7 43. Nd3+ Kd4 44. Nxc1 Ke3 45. f4 Kf2 46. Kb5
Kxg3 47. Kc6 Nf8 48. b4 Ne6 49. Nb3 g5 50. fxg5 Kxh4 51. b5 Kxg5 52. Kd7 Nf8+
53. Kd6 h4 54. b6 h3 55. Nd2 Kf4 56. Nf1 Kf3 {Hossa resigns} 1-0

[Event "ICS rated blitz match"]
[Site "204.178.125.65"]
[Date "2001.08.08"]
[Round "?"]
[White "cfd"]
[Black "Hossa"]
[Result "0-1"]
[WhiteElo "2142"]
[BlackElo "2554"]
[PlyCount "78"]
[EventDate "2001.??.??"]

1. d4 Nf6 2. e3 g6 3. b3 Bg7 4. Bb2 O-O 5. c4 d6 6. Nc3 e5 7. d5 c6 8. e4 cxd5
9. cxd5 Ne8 10. Bd3 f5 11. Nge2 fxe4 12. Nxe4 Nf6 13. Nxf6+ Rxf6 14. O-O Rf7
15. Qd2 Qf8 16. Ng3 Bh6 17. Qe2 Nd7 18. Ne4 Nf6 19. Nxf6+ Rxf6 20. Bc1 Bf4 21.
Be3 Bf5 22. Rac1 Qf7 23. Bxf4 Bxd3 24. Qxd3 Rxf4 25. Qb5 Rf8 26. f3 Rd4 27.
Rfd1 Rh4 28. Rc4 Rh5 29. Rdc1 a6 30. Qb6 Qxd5 31. Rc7 e4 32. Qxb7 Qd4+ 33. Kh1
Qe5 34. f4 Qxf4 35. h3 e3 36. Rg7+ Kh8 37. Rcc7 Rxh3+ 38. gxh3 Qf1+ 39. Kh2
Rf2+ {cfd resigns} 0-1

[Event "ICS rated blitz match"]
[Site "204.178.125.65"]
[Date "2001.08.08"]
[Round "?"]
[White "Hossa"]
[Black "nyul"]
[Result "1-0"]
[WhiteElo "2560"]
[BlackElo "2021"]
[PlyCount "45"]
[EventDate "2001.??.??"]

1. e4 e5 2. Nf3 Nc6 3. d4 exd4 4. Nxd4 d6 5. Nxc6 bxc6 6. Bd3 Nf6 7. O-O Be7 8.
Re1 O-O 9. Nc3 h6 10. Qf3 Bg4 11. Qg3 Qd7 12. h3 Be6 13. Bxh6 Nh5 14. Qf3 gxh6
15. Qxh5 Kg7 16. e5 f5 17. exf6+ Rxf6 18. Ne4 Rf5 19. Qg4+ Kh8 20. Qg6 Bf8 21.
Nf6 Rxf6 22. Qxf6+ Bg7 23. Qxe6 {nyul resigns} 1-0

[Event "ICS rated blitz match"]
[Site "204.178.125.65"]
[Date "2001.08.08"]
[Round "?"]
[White "Hossa"]
[Black "nyul"]
[Result "1-0"]
[WhiteElo "2562"]
[BlackElo "2019"]
[PlyCount "58"]
[EventDate "2001.??.??"]

1. d4 d5 2. Nc3 Nf6 3. g3 c6 4. Bg2 g6 5. Nf3 Bg7 6. O-O O-O 7. Bg5 h6 8. Bf4
Be6 9. Qd2 Kh7 10. Rfe1 Nbd7 11. Qc1 Nh5 12. Bd2 Ndf6 13. e4 dxe4 14. Nxe4 Nxe4
15. Rxe4 Nf6 16. Rh4 Ng8 17. Ng5+ Kh8 18. Nxe6 fxe6 19. Bxh6 Bxh6 20. Rxh6+
Nxh6 21. Qxh6+ Kg8 22. Qxg6+ Kh8 23. Be4 Rf5 24. Qh6+ Kg8 25. Qxe6+ Rf7 26. Bg6
Qf8 27. Re1 Kg7 28. Bxf7 Qxf7 29. Qxe7 Qxe7 {nyul resigns} 1-0

[Event "ICS rated blitz match"]
[Site "204.178.125.65"]
[Date "2001.08.08"]
[Round "?"]
[White "monsoon"]
[Black "Hossa"]
[Result "1-0"]
[WhiteElo "2564"]
[BlackElo "2563"]
[PlyCount "129"]
[EventDate "2001.??.??"]

1. e4 c5 2. Nf3 Nc6 3. d4 cxd4 4. Nxd4 Qc7 5. Nc3 e6 6. Be2 a6 7. O-O Nf6 8.
Be3 Bb4 9. Na4 Be7 10. c4 Nxe4 11. Nxc6 Qxc6 12. Bf3 O-O 13. Nb6 Rb8 14. c5 f5
15. Rc1 Qc7 16. Bxe4 fxe4 17. Qg4 Rf5 18. b4 a5 19. a3 axb4 20. axb4 Bf6 21.
Nc4 Be5 22. Nxe5 Qxe5 23. Rc4 Qf6 24. Rxe4 Ra8 25. Bd4 Qf8 26. Qg3 Rf7 27. Rh4
Qe7 28. Be5 Rf5 29. Rg4 Rf7 30. Qd3 Ra2 31. Qc4 Ra3 32. Kh1 Ra8 33. f3 Ra4 34.
h4 Ra3 35. h5 Re3 36. Qd4 Ra3 37. h6 g6 38. Qb2 Ra7 39. Kg1 Rf5 40. Re4 Ra8 41.
Rf2 Qg5 42. Bg7 Rd5 43. Rd4 Ra6 44. Rxd5 exd5 45. f4 Qf5 46. Be5 Qe6 47. Re2 d4
48. Bd6 Qc4 49. Re8+ Kf7 50. Rf8+ Ke6 51. f5+ Kd5 52. fxg6 Rxd6 53. cxd6 Qd3
54. g7 Qe3+ 55. Kf1 Kxd6 56. g8=Q b6 57. Rxc8 Qd3+ 58. Kg1 Qd1+ 59. Kf2 Ke5 60.
Re8+ Kd6 61. Qg3+ Kc6 62. Rc8+ Kb5 63. Qe5+ d5 64. Qxd5+ Ka4 65. Ra8# {
Hossa checkmated} 1-0

[Event "ICS rated standard match"]
[Site "204.178.125.65"]
[Date "2001.08.08"]
[Round "?"]
[White "Hossa"]
[Black "ChesterX"]
[Result "1-0"]
[WhiteElo "2142"]
[BlackElo "2574"]
[PlyCount "116"]
[EventDate "2001.??.??"]

1. d4 d5 2. c4 c6 3. Nc3 Nf6 4. e3 e6 5. Nf3 Nbd7 6. Qc2 Bd6 7. Bd3 O-O 8. O-O
dxc4 9. Bxc4 b5 10. Bd3 Bb7 11. Rd1 Qc7 12. e4 e5 13. dxe5 Nxe5 14. Nxe5 Bxe5
15. g3 Rfd8 16. Be3 Qe7 17. f3 a6 18. Ne2 Bd6 19. Nd4 Bc5 20. Qf2 Nd7 21. Rac1
Qf6 22. Bf1 Bb6 23. Nf5 Bxe3 24. Nxe3 Rab8 25. Nf5 Ne5 26. f4 Ng4 27. Qb6 c5
28. Qc7 Rf8 29. h3 Nh6 30. Nd6 c4 31. Nxb7 Rfc8 32. Qd6 Rxb7 33. Qxf6 gxf6 34.
Rd6 Re7 35. Rxf6 Kg7 36. e5 Re6 37. g4 Rxf6 38. exf6+ Kg6 39. Bd3+ Kxf6 40. g5+
Ke6 41. Re1+ Kd6 42. Bxh7 Ng8 43. Rd1+ Ke6 44. f5+ Ke5 45. f6 b4 46. Re1+ Kf4
47. Kf2 c3 48. bxc3 bxc3 49. h4 Kg4 50. Rg1+ Kxh4 51. Ke3 c2 52. Kd2 c1=R 53.
Rxc1 Rxc1 54. Kxc1 Kxg5 55. Bxg8 Kxf6 56. Bh7 Ke5 57. Kc2 Kd6 58. Kb3 Kc5 {
ChesterX resigns} 1-0

[Event "ICS rated blitz match"]
[Site "204.178.125.65"]
[Date "2001.08.08"]
[Round "?"]
[White "Hossa"]
[Black "vitsi"]
[Result "1-0"]
[WhiteElo "2547"]
[BlackElo "2228"]
[PlyCount "247"]
[EventDate "2001.??.??"]

1. d4 Nf6 2. c4 g6 3. Nc3 Bg7 4. e4 d6 5. Be2 O-O 6. Nf3 e5 7. Be3 Nc6 8. dxe5
Nxe5 9. Nxe5 dxe5 10. O-O c6 11. Bc5 Re8 12. Qc1 Bf8 13. Bxf8 Rxf8 14. Rb1 Bg4
15. Bxg4 Nxg4 16. h3 Nf6 17. Rd1 Qe7 18. Qh6 Rfd8 19. b3 Nh5 20. g3 Ng7 21. f3
Ne6 22. Kg2 Nd4 23. Rd3 Rd7 24. Rbd1 Rad8 25. h4 b6 26. Rf1 Qf8 27. Qxf8+ Kxf8
28. Rfd1 Ke7 29. Kf2 f6 30. Ne2 Nxe2 31. Rxd7+ Rxd7 32. Rxd7+ Kxd7 33. Kxe2 Kd6
34. Kd3 a5 35. a3 c5 36. Kc2 Ke6 37. Kd2 Kd6 38. Kd3 Ke6 39. g4 h6 40. Ke3 Ke7
41. h5 g5 42. Kd2 Kd6 43. Kc3 Kc6 44. Kd3 Kb7 45. a4 Kc6 46. Ke3 Kc7 47. Kd2
Kd8 48. Kc2 Ke8 49. Kd3 Kf7 50. Kc3 Ke6 51. Kd2 Kf7 52. Ke1 Kg7 53. Kd1 Kg8 54.
Ke2 Kf8 55. Ke3 Ke8 56. Kf2 Kd8 57. Ke2 Kc8 58. Kd3 Kb8 59. Kd2 Ka8 60. Kc2 Ka7
61. Kb2 Ka6 62. Kb1 Ka7 63. Kc2 Kb7 64. Kc3 Kb8 65. Kb2 Kc8 66. Kc1 Kc7 67. Kb1
Kc6 68. Kc2 Kd7 69. f4 Ke7 70. fxg5 fxg5 71. Kd3 Ke6 72. Kd2 Kf6 73. Ke2 Kg7
74. Kf2 Kg8 75. Ke1 Kh7 76. Kf1 Kh8 77. Kg2 Kg7 78. Kf3 Kf8 79. Ke3 Ke8 80. Kd3
Kd7 81. Kc3 Kc6 82. Kc2 Kb7 83. Kb2 Kb8 84. Kc3 Kc7 85. Kb2 Kc6 86. Kc1 Kd7 87.
Kb2 Ke6 88. Ka1 Ke7 89. Kb1 Kd8 90. Ka2 Kc7 91. Ka1 Kc8 92. Kb2 Kb7 93. Kc2 Kb8
94. Kc1 Ka7 95. Kd1 Kb8 96. Ke2 Ka7 97. Kf3 Kb8 98. Kf2 Ka7 99. Ke3 Kb8 100.
Kd3 Ka7 101. Kd2 Kb8 102. Ke1 Ka7 103. Kf2 Kb8 104. Kf3 Ka7 105. Ke2 Kb8 106.
Ke3 Ka7 107. Kf3 Kb8 108. Kg3 Ka7 109. Kh3 Kb8 110. Kg2 Ka7 111. Kf1 Kb8 112.
Kg1 Kb7 113. Kg2 Kc6 114. Kg3 b5 115. axb5+ Kb6 116. Kf2 a4 117. bxa4 Ka5 118.
Ke2 Kxa4 119. b6 Kb4 120. b7 Kxc4 121. b8=Q Kd4 122. Qd6+ Kxe4 123. Qd3+ Kf4
124. Qf3# {vitsi checkmated} 1-0

[Event "ICS rated blitz match"]
[Site "204.178.125.65"]
[Date "2001.08.09"]
[Round "?"]
[White "NewHal9000"]
[Black "Hossa"]
[Result "1-0"]
[WhiteElo "2758"]
[BlackElo "2551"]
[PlyCount "61"]
[EventDate "2001.??.??"]

1. c4 c6 2. d4 d5 3. Nf3 dxc4 4. Nc3 b5 5. e4 Nf6 6. e5 Nd5 7. a4 Qa5 8. Bd2 b4
9. Na2 c3 10. bxc3 Nxc3 11. Nxc3 bxc3 12. Bg5 Na6 13. Bc4 h6 14. Bf4 g5 15. Be3
g4 16. O-O gxf3 17. Qxf3 Nb4 18. Qxf7+ Kd8 19. Rfb1 Nd5 20. Rb5 Be6 21. Qxe6
cxb5 22. Qxd5+ Kc7 23. Qc5+ Kd8 24. Be6 Qa6 25. Qd5+ Kc7 26. Qd7+ Kb8 27. Qd8+
Kb7 28. Bd5+ Qc6 29. Qd7+ Kb8 30. Bxc6 b4 31. Qb7# {Hossa checkmated} 1-0

[Event "ICS rated blitz match"]
[Site "204.178.125.65"]
[Date "2001.08.09"]
[Round "?"]
[White "NDA"]
[Black "Hossa"]
[Result "1-0"]
[WhiteElo "2403"]
[BlackElo "2544"]
[PlyCount "125"]
[EventDate "2001.??.??"]

1. d4 Nf6 2. c4 e6 3. Nf3 b6 4. g3 Ba6 5. b3 Bb4+ 6. Bd2 Bxd2+ 7. Qxd2 Ne4 8.
Qe3 f5 9. Bg2 Nc6 10. O-O d5 11. Nc3 O-O 12. Rfc1 Qd7 13. Rab1 Rf6 14. Rd1 Rh6
15. Rbc1 Rd8 16. h3 Qd6 17. a4 Nxc3 18. Qxc3 dxc4 19. bxc4 Qf8 20. Rd2 Qe8 21.
c5 Na5 22. Ne5 f4 23. gxf4 Qxa4 24. Rb1 Qe8 25. cxb6 cxb6 26. Qc7 Rf6 27. Qxa7
Nc4 28. Rdd1 Bb5 29. Rb4 Nxe5 30. fxe5 Rf7 31. Qa2 Rc7 32. Qb2 Ba4 33. Rc1 Rdc8
34. Rxc7 Rxc7 35. Rxb6 Rc2 36. Qb4 Bd7 37. Rb8 Rc8 38. Rxc8 Qxc8 39. Qc5 Qa6
40. Qd6 Qa1+ 41. Kh2 Qa4 42. Bf3 Kf7 43. Bg4 Qa7 44. Kg3 Qb7 45. d5 Qc8 46.
dxe6+ Bxe6 47. Bxe6+ Qxe6 48. Qxe6+ Kxe6 49. f4 Kf5 50. e4+ Ke6 51. Kg4 Ke7 52.
f5 Kf7 53. Kg5 Ke8 54. f6 g6 55. e6 Kf8 56. h4 Ke8 57. e5 Kf8 58. e7+ Kf7 59.
e6+ Ke8 60. Kf4 h6 61. Ke5 g5 62. Kd6 gxh4 63. f7# {Hossa checkmated} 1-0

[Event "ICS rated blitz match"]
[Site "204.178.125.65"]
[Date "2001.08.09"]
[Round "?"]
[White "Hossa"]
[Black "Yace"]
[Result "0-1"]
[WhiteElo "2522"]
[BlackElo "2802"]
[PlyCount "80"]
[EventDate "2001.??.??"]

1. e4 c5 2. Bc4 Nc6 3. Nf3 d6 4. O-O Nf6 5. d3 e6 6. Bb5 Bd7 7. Bg5 Be7 8. Nc3
O-O 9. Bf4 a6 10. Bxc6 Bxc6 11. Ng5 e5 12. Bd2 d5 13. exd5 Nxd5 14. Nce4 Qb6
15. Rb1 f5 16. Ng3 Nf4 17. Nxh7 Kxh7 18. Bxf4 exf4 19. Qh5+ Kg8 20. Nxf5 Bf6
21. b4 cxb4 22. a3 a5 23. axb4 axb4 24. Rfe1 Rae8 25. h3 Qc7 26. Rf1 Bc3 27.
Nh4 Qd7 28. Ng6 Rf6 29. d4 Qxd4 30. Nh4 Qe4 31. Nf3 Re5 32. Qh4 Rg6 33. Kh1
Rxg2 34. Qd8+ Re8 35. Qxe8+ Qxe8 36. Kxg2 Qh5 37. Rfe1 Qxf3+ 38. Kf1 Qh1+ 39.
Ke2 Bb5+ 40. Kd1 Qxe1# {Hossa checkmated} 0-1

[Event "ICS rated blitz match"]
[Site "204.178.125.65"]
[Date "2001.08.09"]
[Round "?"]
[White "Yace"]
[Black "Hossa"]
[Result "1-0"]
[WhiteElo "2807"]
[BlackElo "2517"]
[PlyCount "85"]
[EventDate "2001.??.??"]

1. e4 c5 2. Nf3 Nc6 3. Bb5 e6 4. O-O Nge7 5. c3 a6 6. Bxc6 Nxc6 7. d4 d5 8.
exd5 Qxd5 9. Be3 cxd4 10. cxd4 Bb4 11. Nc3 Qh5 12. d5 exd5 13. Qxd5 Bg4 14.
Qe4+ Be7 15. Nd4 Qg6 16. Nxc6 bxc6 17. Bc5 Qxe4 18. Nxe4 Rd8 19. Rfe1 Be6 20.
Rac1 Rc8 21. b3 a5 22. Nd6+ Bxd6 23. Bxd6 Kd7 24. Bc5 Kc7 25. Bd4 Rhg8 26. Rc5
Ra8 27. Rec1 Ra6 28. f4 Kb7 29. f5 Bd5 30. R5c2 a4 31. b4 Raa8 32. Rc5 Rad8 33.
b5 Bxa2 34. bxc6+ Ka6 35. Be5 Rc8 36. c7 g6 37. Bd4 Bb3 38. Rc6+ Ka5 39. R1c5+
Kb4 40. Rb6+ Ka3 41. Rc1 gxf5 42. Ra1+ Ba2 43. Bc5# {Hossa checkmated} 1-0

[Event "ICS rated bullet match"]
[Site "204.178.125.65"]
[Date "2001.08.09"]
[Round "?"]
[White "A-Adly"]
[Black "Hossa"]
[Result "0-1"]
[WhiteElo "2104"]
[BlackElo "2527"]
[PlyCount "62"]
[EventDate "2001.??.??"]

1. d4 Nf6 2. Nf3 g6 3. c4 Bg7 4. Nc3 d5 5. Qb3 dxc4 6. Qxc4 O-O 7. e4 c6 8. Bf4
b6 9. Qb3 Nh5 10. Be3 Bg4 11. Rd1 Bxf3 12. gxf3 Qd6 13. Be2 Rd8 14. e5 Qd7 15.
f4 Qf5 16. Bd3 Qh3 17. Be4 Bh6 18. Ne2 Qh4 19. d5 Bxf4 20. Nxf4 Nxf4 21. dxc6
Na6 22. Rd7 Rxd7 23. cxd7 Rd8 24. Qb5 Nb8 25. Bc6 Nxc6 26. Qxc6 Nd3+ 27. Kd2
Nxe5 28. Qc8 e6 29. Rc1 Nxd7 30. Qc7 Nc5+ 31. Kc2 Qe4+ {A-Adly resigns} 0-1

[Event "ICS rated blitz match"]
[Site "204.178.125.65"]
[Date "2001.08.09"]
[Round "?"]
[White "Hossa"]
[Black "cfd"]
[Result "1-0"]
[WhiteElo "2512"]
[BlackElo "2124"]
[PlyCount "63"]
[EventDate "2001.??.??"]

1. d4 d6 2. c4 e6 3. Nf3 g6 4. e4 Bg7 5. Bd3 b6 6. O-O Bb7 7. d5 e5 8. Nc3 Ne7
9. Be3 O-O 10. Qd2 Nd7 11. Bh6 Bc8 12. Bxg7 Kxg7 13. Bc2 h6 14. Nb5 a6 15. Nc3
Nf6 16. Nh4 Nh5 17. Ne2 g5 18. Nf3 Nf4 19. Nxf4 gxf4 20. Qc3 Ng6 21. b4 Kh7 22.
Ba4 Rg8 23. Bc6 Rb8 24. Qd3 Bg4 25. g3 Bh3 26. Rfe1 Nh4 27. Nxh4 Qxh4 28. Qf3
Qg4 29. Qxg4 Rxg4 30. Bd7 fxg3 31. Bf5+ Kg7 32. hxg3 {cfd resigns} 1-0

[Event "ICS rated blitz match"]
[Site "204.178.125.65"]
[Date "2001.08.09"]
[Round "?"]
[White "cfd"]
[Black "Hossa"]
[Result "0-1"]
[WhiteElo "2121"]
[BlackElo "2515"]
[PlyCount "33"]
[EventDate "2001.??.??"]

1. d4 Nf6 2. e3 d5 3. Bd3 c5 4. c3 Nc6 5. f4 cxd4 6. exd4 Bg4 7. Nf3 Qd7 8.
Nbd2 e6 9. O-O Bd6 10. g3 O-O-O 11. Kg2 Bh5 12. Qa4 Ng4 13. Nb3 Bg6 14. Bxg6
hxg6 15. Na5 Nxa5 16. Qxa5 Kb8 17. Ne5 {cfd resigns} 0-1

[Event "ICS Rated blitz match"]
[Site "204.178.125.65"]
[Date "2001.08.09"]
[Round "?"]
[White "Hossa"]
[Black "NewHal9000"]
[Result "1/2-1/2"]
[WhiteElo "2518"]
[BlackElo "2779"]
[PlyCount "219"]
[EventDate "2001.??.??"]

1. d4 Nf6 2. Nf3 e6 3. c4 d5 4. Nc3 c6 5. e3 Nbd7 6. Bd2 Bd6 7. c5 Bc7 8. Bd3
b6 9. cxb6 axb6 10. O-O O-O 11. Qe2 e5 12. dxe5 Nxe5 13. Nxe5 Bxe5 14. h3 Ne4
15. Qh5 f5 16. Nxe4 g6 17. Qg5 dxe4 18. Bc4+ Kg7 19. Qxd8 Rxd8 20. Rad1 Kf6 21.
Bc3 Be6 22. Bxe6 Kxe6 23. Rxd8 Rxd8 24. Rc1 Bxc3 25. Rxc3 Rd1+ 26. Kh2 c5 27.
Rb3 Rd6 28. Kg3 Kd7 29. f3 Kc6 30. fxe4 fxe4 31. Kf4 Kd5 32. Kg5 Kc6 33. Kf4
Rd2 34. g3 Rg2 35. g4 Rh2 36. Kxe4 Rxh3 37. Kf4 h5 38. gxh5 gxh5 39. a4 h4 40.
Kg4 Rh2 41. e4 Rc2 42. Kxh4 Re2 43. Kg3 Rxe4 44. Ra3 Rb4 45. b3 Kd5 46. Kf3 Kd4
47. a5 bxa5 48. Rxa5 Rxb3+ 49. Ke2 c4 50. Kd2 Rb2+ 51. Kc1 Rb3 52. Ra2 c3 53.
Ra4+ Kd3 54. Rf4 Rb2 55. Rf3+ Kc4 56. Rg3 Kb3 57. Rg5 Rh2 58. Rb5+ Kc4 59. Re5
Kd4 60. Rf5 Rg2 61. Rf4+ Kd3 62. Rf3+ Kc4 63. Rf6 Kb4 64. Rb6+ Kc5 65. Re6 Kd5
66. Rf6 Kc4 67. Rc6+ Kb3 68. Rb6+ Kc4 69. Rd6 Rg5 70. Rc6+ Kb4 71. Rb6+ Kc5 72.
Re6 Kd4 73. Rf6 Rd5 74. Rf4+ Kd3 75. Rf3+ Kc4 76. Rg3 Kb3 77. Rg6 Rb5 78. Rh6
Rb4 79. Rh5 Ra4 80. Rb5+ Kc4 81. Re5 Ra1+ 82. Kc2 Ra2+ 83. Kb1 Rb2+ 84. Kc1 Rh2
85. Rf5 Kb3 86. Rb5+ Kc4 87. Ra5 Kb4 88. Rd5 Kc4 89. Rd6 Kc5 90. Re6 Kc4 91.
Rc6+ Kb3 92. Rb6+ Kc4 93. Rg6 Kd3 94. Rg3+ Kc4 95. Rg7 Rh5 96. Rc7+ Rc5 97.
Rxc5+ Kxc5 98. Kd1 Kd5 99. Kc2 Kd4 100. Kc1 Kc4 101. Kc2 Kb4 102. Kc1 Kb3 103.
Kb1 Kc4 104. Kc1 Kd4 105. Kc2 Kc4 106. Kc1 Kd3 107. Kd1 Kc4 108. Kc2 Kb4 109.
Kc1 Kb3 110. Kb1 {Game drawn by mutual agreement} 1/2-1/2